Countries with a State Religion - On a Map - Statistics

General Stats
  • This quiz has been taken 101 times
  • The average score is 29 of 41
Answers on the Map
Answers color-coded by a green-red scale on the quiz's map according to % correct below.
 
Answer Stats
Hint Answer % Correct
Islam Algeria
95%
Islam Morocco
95%
Islam Egypt
94%
Islam Iran
94%
Islam Saudi Arabia
94%
Islam Iraq
93%
Islam Libya
93%
Islam Oman
93%
Islam Tunisia
93%
Islam Yemen
93%
Islam UAE
90%
Islam Afghanistan
89%
Islam Jordan
89%
Islam Pakistan
89%
Islam Qatar
89%
Christianity Vatican City
85%
Islam Kuwait
84%
Islam Bahrain
83%
Islam Mauritania
81%
Christianity (only one constituent country) UK
81%
Islam Somalia
77%
Buddhism Bhutan
74%
Islam Malaysia
74%
Islam Bangladesh
72%
Buddhism Myanmar
67%
Islam Brunei
65%
Islam Djibouti
63%
Christianity Greece
62%
Christianity Norway
59%
Buddhism Cambodia
58%
Christianity Denmark
58%
Islam Maldives
58%
Islam Comoros
54%
Christianity Malta
49%
Buddhism Sri Lanka
49%
Christianity Liechtenstein
48%
Christianity Monaco
46%
Christianity Iceland
44%
Christianity Samoa
22%
Christianity Costa Rica
21%
Christianity Zambia
17%
No matching quizzes found
Score Distribution
Percent of People with Each Score
Percentile by Number Answered
Your Score History
You have not taken this quiz